Normal view
MARC view
- (طنجة-المغرب) مؤتمر إدارة الموارد البشرية ودورها في التطوير الإداري
Entry Personal Name
001 - CONTROL NUMBER
- control field: 34275
003 - CONTROL NUMBER IDENTIFIER
- control field: JO-AjAnu
005 - DATE AND TIME OF LATEST TRANSACTION
- control field: 20230606075737.0
008 - FIXED-LENGTH DATA ELEMENTS
- fixed length control field: 230606|| aca||aabn | a|a d
040 ## - CATALOGING SOURCE
- Original cataloging agency: JO-AjAnu
- Transcribing agency: JO-AjAnu
100 ## - HEADING--PERSONAL NAME
- Personal name: (طنجة-المغرب) مؤتمر إدارة الموارد البشرية ودورها في التطوير الإداري
670 ## - SOURCE DATA FOUND
- Source citation: Work cat.: (JO-AjAnu)17602: (طنجة-المغرب) مؤتمر إدارة الموارد البشرية ودورها في التطوير الإداري, author, إدارة الموارد البشرية ودورها في التطوير الإداري : بحوث وأوراق عمل ندوة الاتجاهات الحديثة في التطوير الإداري وتحسين جودة الأداء المؤسسي